000 00533nam a2200193Ia 4500
008 131103s9999 xx 000 0 und d
040 _aLoreto College
041 _aEnglish
082 _a820/FOR
_bLCBkB/E85
245 _aFrom Dickens to Hardy
_cedited by Borris Ford
260 _aLondon
_bPenguin
_c1958
300 _aV.6
_c 20 cm.
440 _aThe pelican guide to english literature
504 _aIncludes index
650 _aEnglish literature
700 _aFord, Borris, ed.
850 _aLCBkB/820/FOR
942 _cBK
999 _c35532
_d86011